Statistiques concernant Joueurs du mois de Ligue 1 (2015-2020)

Cliquez ici pour prendre le quiz!

Statistiques générales

  • Ce quiz a été pris 125 fois
  • Le résultat moyen est 26 sur 41

Statistiques - réponses

SaisonClubNationalitéJoueur% Correct
2016-2017AS MonacoFranceKylian Mbappé
95%
2018-2019Paris-Saint-GermainFranceKylian Mbappé
95%
2018-2019Paris-Saint-GermainFranceKylian Mbappé
95%
2017-2018Paris-Saint-GermainFranceKylian Mbappé
95%
2015-2016Paris-Saint-GermainSuèdeZlatan Ibrahimovic
94%
2019-2020Paris-Saint-GermainBrésilNeymar
91%
2017-2018Paris-Saint-GermainBrésilNeymar
91%
2016-2017Paris-Saint-GermainUruguayEdinson Cavani
90%
2016-2017Paris-Saint-GermainUruguayEdinson Cavani
90%
2016-2017Olympique LyonnaisFranceAlexandre Lacazette
87%
2016-2017AS MonacoPortugalBernardo Silva
84%
2017-2018AS MonacoColombieRadamel Falcao
83%
2019-2020Paris-Saint-GermainBrésilThiago Silva
83%
2017-2018Olympique de MarseilleFranceFlorian Thauvin
76%
2017-2018Olympique de MarseilleFranceFlorian Thauvin
76%
2016-2017Olympique de MarseilleFranceFlorian Thauvin
76%
2016-2017Paris-Saint-GermainItalieMarco Verratti
76%
2017-2018Olympique LyonnaisPays-BasMemphis Depay
75%
2018-2019AS Saint-EtienneTunisieWahbi Khazri
73%
2018-2019FC NantesArgentineEmiliano Sala
72%
2019-2020Lille OSCNigériaVictor Osimhen
72%
2015-2016Paris-Saint-GermainArgentineAngel Di Maria
70%
2018-2019Lille OSCCôte-d'IvoireNicolas Pépé
70%
2018-2019Lille OSCCôte-d'IvoireNicolas Pépé
70%
2019-2020AS MonacoFranceWissam Ben Yedder
68%
2015-2016Olympique de MarseilleBelgiqueMichy Batshuayi
57%
2017-2018Olympique LyonnaisFranceNabil Fekir
57%
2017-2018Olympique de MarseilleFranceSteve Mandanda
52%
2016-2017AS MonacoFranceThomas Lemar
48%
2018-2019Olympique de MarseilleItalieMario Balotelli
46%
2015-2016Stade RennaisFranceOusmane Dembélé
43%
2018-2019Lille OSCFranceJonathan Bamba
41%
2015-2016OGC NiceFranceHatem Ben Arfa
39%
2015-2016Lille OSCMarocSofiane Boufal
37%
2019-2020Stade RennaisFranceEduardo Camavinga
19%
2018-2019RC StrasbourgFranceKenny Lala
19%
2015-2016Olympique de MarseilleFranceLassana Diarra
14%
2016-2017Olympique de MarseilleFranceMaxime Lopez
14%
2015-2016FC NantesBelgiqueGuillaume Gillet
8%
2017-2018AS Saint-EtienneFranceMathieu Debuchy
6%
2019-2020Olympique LyonnaisFranceJeff Reine-Adelaïde
3%

Distribution des résultats

Percentile par nombre de réponses

% des personnes avec chaque résultat

Votre développement - résultats

Vous n’avez pas pris ce quiz